[Event "ODJM C 2018"]
[Site "Willingen GER"]
[Date "2018.05.25"]
[Round "8"]
[White "Senechal, Niklas Bennett"]
[Black "I., Natascha"]
[Result "1-0"]
[Termination "normal"]
[Board "3"]
[WhiteElo "1395"]
[BlackElo "1131"]
[WhiteClock "01:23:34"]
[BlackClock "00:26:38"]
[PlyCount "111"]
[WhiteFideId "16231180"]
[BlackFideId "16257545"]
[EventCountry "GER"]
[EventRounds "9"]
[EventType "swiss"]
[EventDate "2018.05.19"]

1. e4 {[%clk 1:30:57]} 1... e5 {[%clk 1:30:56]} 2. Nf3 {[%clk 1:31:10]} 2...
Nc6 {[%clk 1:31:19]} 3. Bb5 {[%clk 1:31:35]} 3... a6 {[%clk 1:31:39]} 4. Ba4 {
[%clk 1:31:22]} 4... Nf6 {[%clk 1:31:53]} 5. O-O {[%clk 1:31:32]} 5... Be7 {
[%clk 1:31:26]} 6. Re1 {[%clk 1:30:48]} 6... b5 {[%clk 1:29:45]} 7. Bb3 { [%clk
1:28:37]} 7... d6 {[%clk 1:29:00]} 8. h3 {[%clk 1:27:16]} 8... Nb8 { [%clk
1:24:28]} 9. c3 {[%clk 1:20:42]} 9... Bb7 {[%clk 1:19:57]} 10. Bc2 { [%clk
1:19:40]} 10... O-O {[%clk 1:18:43]} 11. d4 {[%clk 1:19:57]} 11... Nbd7 { [%clk
1:18:33]} 12. Nbd2 {[%clk 1:19:40]} 12... Re8 {[%clk 1:18:10]} 13. Nf1 { [%clk
1:18:35]} 13... Bf8 {[%clk 1:16:19]} 14. Ng3 {[%clk 1:18:09]} 14... g6 { [%clk
1:13:41]} 15. Bg5 {[%clk 1:15:55]} 15... Bg7 {[%clk 1:11:49]} 16. Qd2 { [%clk
1:12:26]} 16... c6 {[%clk 1:00:54]} 17. Rad1 {[%clk 1:07:06]} 17... Qc7 { [%clk
0:56:13]} 18. dxe5 {[%clk 1:01:50]} 18... dxe5 {[%clk 0:54:49]} 19. Qd6 { [%clk
1:01:18]} 19... Qxd6 {[%clk 0:53:09]} 20. Rxd6 {[%clk 1:01:39]} 20... Rad8
{[%clk 0:52:55]} 21. Red1 {[%clk 1:01:26]} 21... Rc8 {[%clk 0:45:13]} 22. Bb3
{[%clk 0:58:43]} 22... h6 {[%clk 0:41:21]} 23. Rxd7 {[%clk 0:56:14]} 23... Nxd7
{[%clk 0:36:52]} 24. Rxd7 {[%clk 0:56:39]} 24... Rf8 {[%clk 0:32:29]} 25. Be7
{[%clk 0:55:51]} 25... Rfe8 {[%clk 0:28:44]} 26. Bc5 {[%clk 0:55:17]} 26...
Red8 {[%clk 0:26:33]} 27. Rxb7 {[%clk 0:55:11]} 27... Kh8 {[%clk 0:24:51]} 28.
Rxf7 {[%clk 0:55:02]} 28... Re8 {[%clk 0:22:07]} 29. Ra7 {[%clk 0:54:45]} 29...
Ra8 {[%clk 0:22:14]} 30. Rxa8 {[%clk 0:53:52]} 30... Rxa8 {[%clk 0:22:38]} 31.
Bd6 {[%clk 0:54:01]} 31... Ra7 {[%clk 0:20:21]} 32. Bxe5 {[%clk 0:53:19]} 32...
Kh7 {[%clk 0:18:56]} 33. Bxg7 {[%clk 0:53:40]} 33... Kxg7 {[%clk 0:19:18]} 34.
Kf1 {[%clk 0:53:16]} 34... c5 {[%clk 0:19:05]} 35. Bd5 {[%clk 0:53:26]} 35...
Re7 {[%clk 0:18:05]} 36. Ke2 {[%clk 0:53:36]} 36... c4 {[%clk 0:18:06]} 37. Nd4
{[%clk 0:53:56]} 37... h5 {[%clk 0:16:13]} 38. h4 {[%clk 0:52:33]} 38... Kh7 {
[%clk 0:16:01]} 39. f4 {[%clk 0:52:31]} 39... Rd7 {[%clk 0:12:02]} 40. Bc6 {
[%clk 0:52:04]} 40... Re7 {[%clk 0:10:41]} 41. e5 {[%clk 0:52:17]} 41... Kh8 {
[%clk 0:08:12]} 42. Ke3 {[%clk 0:52:26]} 42... Kh7 {[%clk 0:07:36]} 43. Ke4 {
[%clk 0:52:40]} 43... Rf7 {[%clk 0:06:57]} 44. e6 {[%clk 0:52:51]} 44... Re7 {
[%clk 0:06:39]} 45. Ke5 {[%clk 0:53:16]} 45... Kg7 {[%clk 0:06:32]} 46. Kd6 {
[%clk 0:53:11]} 46... Kf8 {[%clk 0:06:52]} 47. Ne4 {[%clk 0:53:09]} 47... Rg7 {
[%clk 0:04:46]} 48. Nf3 {[%clk 0:52:50]} 48... Rh7 {[%clk 0:01:33]} 49. Ne5 {
[%clk 0:53:01]} 49... Rg7 {[%clk 0:00:43]} 50. Ng5 {[%clk 0:53:14]} 50... a5 {
[%clk 0:29:14]} 51. Nef7 {[%clk 1:23:04]} 51... Rxf7 {[%clk 0:25:40]} 52. Nxf7
{[%clk 1:23:21]} 52... b4 {[%clk 0:26:04]} 53. e7+ {[%clk 1:23:40]} 53... Kg7 {
[%clk 0:26:20]} 54. e8=Q {[%clk 1:23:38]} 54... Kf6 {[%clk 0:26:33]} 55. Qe7+ {
[%clk 1:23:34]} 55... Kf5 {[%clk 0:26:38]} 56. Bd7+ 1-0

[Event "ODJM C 2018"]
[Site "Willingen GER"]
[Date "2018.05.25"]
[Round "8"]
[White "Muhina, Liana"]
[Black "Borriss, Benjamin"]
[Result "0-1"]
[Termination "normal"]
[Board "4"]
[WhiteElo "1203"]
[BlackElo "1272"]
[WhiteClock "00:54:28"]
[BlackClock "01:13:32"]
[PlyCount "106"]
[WhiteFideId "16266145"]
[BlackFideId "16266099"]
[EventCountry "GER"]
[EventRounds "9"]
[EventType "swiss"]
[EventDate "2018.05.19"]

1. e4 {[%clk 1:30:58]} 1... e5 {[%clk 1:30:52]} 2. Nf3 {[%clk 1:31:17]} 2...
Nc6 {[%clk 1:31:14]} 3. d4 {[%clk 1:31:26]} 3... exd4 {[%clk 1:31:37]} 4. Nxd4
{[%clk 1:31:44]} 4... Nf6 {[%clk 1:31:57]} 5. Nxc6 {[%clk 1:31:54]} 5... bxc6 {
[%clk 1:32:20]} 6. Nc3 {[%clk 1:31:35]} 6... Bb4 {[%clk 1:32:41]} 7. Bg5 {
[%clk 1:31:43]} 7... h6 {[%clk 1:32:54]} 8. Bd2 {[%clk 1:31:42]} 8... O-O {
[%clk 1:29:41]} 9. e5 {[%clk 1:31:08]} 9... Re8 {[%clk 1:29:48]} 10. Be2 {
[%clk 1:31:11]} 10... Rxe5 {[%clk 1:29:50]} 11. O-O {[%clk 1:30:56]} 11... d5 {
[%clk 1:29:51]} 12. Bf4 {[%clk 1:29:32]} 12... Rf5 {[%clk 1:28:13]} 13. Bd2 {
[%clk 1:27:42]} 13... Rb8 {[%clk 1:25:57]} 14. Re1 {[%clk 1:26:23]} 14... Qd6 {
[%clk 1:25:10]} 15. Bd3 {[%clk 1:22:45]} 15... Re5 {[%clk 1:21:07]} 16. Rxe5 {
[%clk 1:21:18]} 16... Qxe5 {[%clk 1:21:28]} 17. Qe1 {[%clk 1:20:32]} 17... Bd6
{[%clk 1:20:34]} 18. Qxe5 {[%clk 1:19:47]} 18... Bxe5 {[%clk 1:20:45]} 19. Re1
{[%clk 1:19:39]} 19... Bd6 {[%clk 1:20:43]} 20. b3 {[%clk 1:19:16]} 20... Bb4 {
[%clk 1:19:23]} 21. h3 {[%clk 1:13:46]} 21... Be6 {[%clk 1:15:59]} 22. a4 {
[%clk 1:12:39]} 22... Re8 {[%clk 1:15:23]} 23. h4 {[%clk 1:11:43]} 23... Bg4 {
[%clk 1:15:07]} 24. Rxe8+ {[%clk 1:11:26]} 24... Nxe8 {[%clk 1:15:29]} 25. g3 {
[%clk 1:11:11]} 25... Nd6 {[%clk 1:15:26]} 26. Ne4 {[%clk 1:05:42]} 26... dxe4
{[%clk 1:15:27]} 27. Bxb4 {[%clk 0:59:27]} 27... exd3 {[%clk 1:15:44]} 28. cxd3
{[%clk 0:59:33]} 28... Bd1 {[%clk 1:15:05]} 29. Ba5 {[%clk 0:59:28]} 29... Ne8
{[%clk 1:14:58]} 30. Bc3 {[%clk 0:58:13]} 30... Bxb3 {[%clk 1:15:10]} 31. a5 {
[%clk 0:58:29]} 31... a6 {[%clk 1:15:15]} 32. d4 {[%clk 0:58:19]} 32... Nd6 {
[%clk 1:15:01]} 33. Kf1 {[%clk 0:58:21]} 33... Nb5 {[%clk 1:15:02]} 34. Bb2 {
[%clk 0:58:01]} 34... Kf8 {[%clk 1:15:11]} 35. Ke2 {[%clk 0:58:15]} 35... Ke7 {
[%clk 1:15:32]} 36. g4 {[%clk 0:58:03]} 36... Kd6 {[%clk 1:15:11]} 37. Kd3 {
[%clk 0:57:51]} 37... Kd5 {[%clk 1:14:57]} 38. f4 {[%clk 0:57:50]} 38... g6 {
[%clk 1:14:32]} 39. Ba1 {[%clk 0:57:27]} 39... h5 {[%clk 1:12:13]} 40. g5 {
[%clk 0:56:44]} 40... Ke6 {[%clk 1:11:48]} 41. Ke4 {[%clk 0:56:25]} 41... Bd5+
{[%clk 1:11:58]} 42. Ke3 {[%clk 0:56:35]} 42... Kf5 {[%clk 1:12:23]} 43. Bb2 {
[%clk 0:56:05]} 43... Kg4 {[%clk 1:12:18]} 44. Kf2 {[%clk 0:56:10]} 44... Kxh4
{[%clk 1:11:55]} 45. Kg1 {[%clk 0:56:06]} 45... Kg3 {[%clk 1:12:13]} 46. Bc1 {
[%clk 0:55:54]} 46... Nxd4 {[%clk 1:12:36]} 47. Be3 {[%clk 0:55:05]} 47... Nb3
{[%clk 1:12:37]} 48. f5 {[%clk 0:54:35]} 48... c5 {[%clk 1:12:26]} 49. Bd2 {
[%clk 0:54:32]} 49... Nxd2 {[%clk 1:12:41]} 50. fxg6 {[%clk 0:54:46]} 50...
Nf3+ {[%clk 1:13:04]} 51. Kh1 {[%clk 0:54:40]} 51... Ne1+ {[%clk 1:12:52]} 52.
Kg1 {[%clk 0:54:39]} 52... Bg2 {[%clk 1:13:09]} 53. gxf7 {[%clk 0:54:28]} 53...
Nf3# {[%clk 1:13:32]} 0-1

[Event "ODJM C 2018"]
[Site "Willingen GER"]
[Date "2018.05.25"]
[Round "8"]
[White "Bakalarz, Adrian"]
[Black "Keck, Johannes"]
[Result "1-0"]
[Termination "normal"]
[Board "5"]
[WhiteElo "1206"]
[BlackElo "1147"]
[WhiteClock "00:22:05"]
[BlackClock "00:28:04"]
[PlyCount "112"]
[WhiteFideId "12955809"]
[BlackFideId "16258746"]
[EventCountry "GER"]
[EventRounds "9"]
[EventType "swiss"]
[EventDate "2018.05.19"]

1. e4 {[%clk 1:30:59]} 1... e6 {[%clk 1:30:53]} 2. d4 {[%clk 1:31:25]} 2... d5
{[%clk 1:31:16]} 3. Nc3 {[%clk 1:31:51]} 3... Nf6 {[%clk 1:31:35]} 4. e5 {
[%clk 1:26:04]} 4... Nfd7 {[%clk 1:31:56]} 5. Bd3 {[%clk 1:24:07]} 5... c5 {
[%clk 1:31:35]} 6. Be2 {[%clk 1:06:19]} 6... Nc6 {[%clk 1:31:04]} 7. Be3 {
[%clk 1:00:47]} 7... Qb6 {[%clk 1:29:27]} 8. Nb5 {[%clk 0:53:50]} 8... a6 {
[%clk 1:28:09]} 9. dxc5 {[%clk 0:50:25]} 9... Nxc5 {[%clk 1:27:45]} 10. Nd6+ {
[%clk 0:40:53]} 10... Bxd6 {[%clk 1:28:01]} 11. exd6 {[%clk 0:41:20]} 11...
Qxb2 {[%clk 1:15:46]} 12. Nf3 {[%clk 0:31:01]} 12... Qc3+ {[%clk 1:08:53]} 13.
Bd2 {[%clk 0:29:19]} 13... Qf6 {[%clk 0:54:26]} 14. O-O {[%clk 0:23:18]} 14...
O-O {[%clk 0:49:11]} 15. Be3 {[%clk 0:17:50]} 15... Ne4 16. c4 {[%clk 0:16:41]}
16... Nc3 {[%clk 0:43:17]} 17. Bg5 {[%clk 0:10:45]} 17... Nxe2+ {[%clk 0:40:33]
} 18. Qxe2 {[%clk 0:11:14]} 18... Qg6 {[%clk 0:38:19]} 19. Rad1 {[%clk 0:11:16]
} 19... f6 {[%clk 0:38:06]} 20. Bh4 {[%clk 0:08:23]} 20... Bd7 {[%clk 0:33:56]}
21. cxd5 {[%clk 0:08:44]} 21... exd5 {[%clk 0:31:20]} 22. Rxd5 {[%clk 0:09:13]}
22... Rfe8 {[%clk 0:30:52]} 23. Qd2 {[%clk 0:08:06]} 23... Re6 {[%clk 0:22:30]}
24. Bg3 {[%clk 0:07:13]} 24... Rae8 {[%clk 0:21:44]} 25. Nh4 {[%clk 0:07:05]}
25... Qe4 {[%clk 0:19:20]} 26. h3 {[%clk 0:06:51]} 26... Qe2 {[%clk 0:17:44]}
27. Qxe2 {[%clk 0:07:20]} 27... Rxe2 {[%clk 0:18:02]} 28. a4 {[%clk 0:05:49]}
28... Ra2 {[%clk 0:17:28]} 29. Rc1 {[%clk 0:04:37]} 29... Rxa4 {[%clk 0:17:02]}
30. Rb1 {[%clk 0:02:29]} 30... b5 {[%clk 0:15:55]} 31. Rc1 {[%clk 0:02:58]}
31... Rc4 {[%clk 0:16:05]} 32. Rxc4 {[%clk 0:03:21]} 32... bxc4 {[%clk 0:16:29]
} 33. Rc5 {[%clk 0:03:23]} 33... Re1+ {[%clk 0:16:26]} 34. Kh2 {[%clk 0:03:50]}
34... Rc1 {[%clk 0:16:33]} 35. Nf5 {[%clk 0:02:55]} 35... Re1 {[%clk 0:12:51]}
36. Ne3 {[%clk 0:01:46]} 36... Re2 {[%clk 0:06:53]} 37. Rxc4 {[%clk 0:01:07]}
37... Rd2 {[%clk 0:06:27]} 38. Rc1 {[%clk 0:00:41]} 38... Ne5 {[%clk 0:06:28]}
39. Bxe5 {[%clk 0:00:55]} 39... fxe5 {[%clk 0:06:52]} 40. Nc4 {[%clk 0:01:20]}
40... Rd5 {[%clk 0:05:13]} 41. Re1 {[%clk 0:00:55]} 41... Bb5 {[%clk 0:05:01]}
42. Rxe5 {[%clk 0:27:37]} 42... Rd4 {[%clk 0:33:45]} 43. Na3 {[%clk 0:26:29]}
43... Bd7 {[%clk 0:33:14]} 44. Re7 {[%clk 0:25:10]} 44... Rxd6 {[%clk 0:33:29]}
45. Nc4 {[%clk 0:25:37]} 45... Rc6 {[%clk 0:33:19]} 46. Rxd7 {[%clk 0:24:48]}
46... Rxc4 {[%clk 0:32:22]} 47. Ra7 {[%clk 0:25:18]} 47... Ra4 {[%clk 0:31:39]}
48. Kg3 {[%clk 0:24:31]} 48... Ra3+ {[%clk 0:31:48]} 49. f3 {[%clk 0:24:59]}
49... Ra5 {[%clk 0:31:15]} 50. f4 {[%clk 0:22:31]} 50... Ra3+ {[%clk 0:31:27]}
51. Kg4 {[%clk 0:22:44]} 51... a5 {[%clk 0:31:30]} 52. g3 {[%clk 0:22:52]}
52... a4 {[%clk 0:31:48]} 53. Kh4 {[%clk 0:22:07]} 53... h6 {[%clk 0:30:57]}
54. f5 {[%clk 0:21:52]} 54... Rf3 {[%clk 0:30:05]} 55. Kg4 {[%clk 0:21:43]}
55... h5+ {[%clk 0:29:19]} 56. Kxf3 {[%clk 0:22:05]} 56... a3 {[%clk 0:28:04]}
1-0

[Event "ODJM C 2018"]
[Site "Willingen GER"]
[Date "2018.05.25"]
[Round "8"]
[White "Sarian, Gaya"]
[Black "Heß, Wadim"]
[Result "1-0"]
[Termination "normal"]
[Board "6"]
[WhiteElo "1143"]
[BlackElo "1235"]
[WhiteClock "00:31:05"]
[BlackClock "00:52:30"]
[PlyCount "103"]
[WhiteFideId "16266161"]
[BlackFideId "16266129"]
[EventCountry "GER"]
[EventRounds "9"]
[EventType "swiss"]
[EventDate "2018.05.19"]

1. e4 {[%clk 1:30:57]} 1... d5 {[%clk 1:30:55]} 2. d3 {[%clk 1:29:36]} 2...
dxe4 {[%clk 1:30:14]} 3. dxe4 {[%clk 1:29:54]} 3... Qxd1+ {[%clk 1:30:40]} 4.
Kxd1 {[%clk 1:30:10]} 4... e5 {[%clk 1:31:02]} 5. Nf3 {[%clk 1:30:26]} 5... Nc6
{[%clk 1:31:28]} 6. Bb5 {[%clk 1:30:50]} 6... Bg4 {[%clk 1:31:35]} 7. Bxc6+ {
[%clk 1:29:34]} 7... bxc6 {[%clk 1:31:54]} 8. Nc3 {[%clk 1:28:44]} 8... Bd6 {
[%clk 1:30:04]} 9. Bg5 {[%clk 1:27:18]} 9... f6 {[%clk 1:29:30]} 10. Bh4 {
[%clk 1:26:49]} 10... Ne7 {[%clk 1:28:32]} 11. Ke2 {[%clk 1:24:33]} 11... Ng6 {
[%clk 1:26:46]} 12. Bg3 {[%clk 1:24:12]} 12... O-O {[%clk 1:25:49]} 13. h3 {
[%clk 1:22:12]} 13... Nf4+ {[%clk 1:23:59]} 14. Bxf4 {[%clk 1:22:16]} 14...
Bxf3+ {[%clk 1:24:24]} 15. Kxf3 15... exf4 {[%clk 1:24:43]} 16. Rae1 { [%clk
1:16:02]} 16... Rab8 {[%clk 1:22:22]} 17. Na4 {[%clk 1:14:12]} 17... Rfe8
{[%clk 1:18:32]} 18. b3 {[%clk 1:13:16]} 18... Kf7 {[%clk 1:17:00]} 19. g4 {
[%clk 1:11:51]} 19... fxg3 {[%clk 1:15:10]} 20. fxg3 {[%clk 1:09:55]} 20... Re7
{[%clk 1:15:07]} 21. Rhf1 {[%clk 1:07:44]} 21... Rbe8 {[%clk 1:11:55]} 22. g4 {
[%clk 1:06:29]} 22... g6 {[%clk 1:09:28]} 23. Nb2 {[%clk 1:00:10]} 23... f5 {
[%clk 1:06:03]} 24. Kg2 {[%clk 0:59:37]} 24... Rxe4 {[%clk 1:01:34]} 25. Rxe4 {
[%clk 0:57:28]} 25... Rxe4 {[%clk 1:01:12]} 26. gxf5 {[%clk 0:57:47]} 26...
Re2+ {[%clk 1:01:25]} 27. Rf2 {[%clk 0:55:58]} 27... Rxf2+ {[%clk 1:01:44]} 28.
Kxf2 {[%clk 0:56:25]} 28... gxf5 {[%clk 1:02:09]} 29. Nd3 {[%clk 0:53:24]}
29... Kf6 {[%clk 1:01:18]} 30. Kf3 {[%clk 0:51:59]} 30... Kg5 {[%clk 1:00:17]}
31. c4 {[%clk 0:50:48]} 31... Kh4 {[%clk 0:58:57]} 32. c5 {[%clk 0:49:13]}
32... Bh2 {[%clk 0:59:00]} 33. Kg2 {[%clk 0:46:00]} 33... Bg3 {[%clk 0:59:18]}
34. b4 {[%clk 0:44:11]} 34... f4 {[%clk 0:57:59]} 35. Ne5 {[%clk 0:43:55]}
35... Kg5 {[%clk 0:56:42]} 36. Nxc6 {[%clk 0:43:17]} 36... Be1 {[%clk 0:56:03]}
37. a4 {[%clk 0:41:11]} 37... a6 {[%clk 0:53:48]} 38. b5 {[%clk 0:40:38]} 38...
axb5 {[%clk 0:54:05]} 39. axb5 {[%clk 0:40:54]} 39... Kh4 {[%clk 0:52:58]} 40.
b6 {[%clk 0:39:37]} 40... cxb6 {[%clk 0:53:11]} 41. cxb6 {[%clk 0:39:07]} 41...
Bg3 {[%clk 0:53:35]} 42. Kf3 {[%clk 0:38:39]} 42... Kxh3 {[%clk 0:53:51]} 43.
b7 {[%clk 0:38:43]} 43... h5 {[%clk 0:54:02]} 44. b8=Q {[%clk 0:38:35]} 44...
Kh2 {[%clk 0:53:47]} 45. Qb2+ {[%clk 0:38:17]} 45... Kh3 {[%clk 0:54:07]} 46.
Qg2+ {[%clk 0:37:24]} 46... Kh4 {[%clk 0:54:27]} 47. Qh1+ {[%clk 0:36:01]}
47... Kg5 {[%clk 0:54:42]} 48. Qh3 {[%clk 0:34:04]} 48... Bh4 {[%clk 0:53:50]}
49. Nd4 {[%clk 0:33:11]} 49... Bg3 {[%clk 0:53:21]} 50. Ne6+ {[%clk 0:32:38]}
50... Kg6 {[%clk 0:53:30]} 51. Nxf4+ {[%clk 0:32:34]} 51... Bxf4 { [%clk
0:52:30]} 52. Kxf4 {[%clk 0:31:05]} 1-0

[Event "ODJM C 2018"]
[Site "Willingen GER"]
[Date "2018.05.25"]
[Round "8"]
[White "Kail, Oliver"]
[Black "Schulz, Jonas"]
[Result "1/2-1/2"]
[Termination "normal"]
[Board "8"]
[WhiteElo "1479"]
[BlackElo "1078"]
[PlyCount "128"]
[WhiteFideId "16228820"]
[BlackFideId "16245172"]
[EventCountry "GER"]
[EventRounds "9"]
[EventType "swiss"]
[EventDate "2018.05.19"]

1. e4 c6 2. d4 d5 3. Nc3 dxe4 4. Nxe4 Bf5 5. Nc3 Nf6 6. h3 e6 7. a3 Nbd7 8. Bg5
Be7 9. Bc4 b5 10. Ba2 a5 11. Bb3 O-O 12. Nf3 h6 13. Bh4 Qc7 14. O-O Bd6 15. Qe1
a4 16. Ba2 Bxc2 17. Bxf6 Nxf6 18. Qd2 Bg6 19. Bb1 Bh5 20. g4 Bg6 21. Bxg6 fxg6
22. Rac1 Nxg4 23. hxg4 Rxf3 24. Nxb5 Qd7 25. Nxd6 Qxd6 26. Qe2 Raf8 27. Rce1
R3f6 28. Qe5 Qe7 29. Re3 Qb7 30. Re2 Qb3 31. Qe3 Qd5 32. Qe4 Qg5 33. Qg2 Rf4
34. Re4 Rxe4 35. Qxe4 Qd5 36. Re1 Rf6 37. Kg2 Kf7 38. f3 g5 39. Re3 Rf4 40.
Qxd5 exd5 41. Rd3 Ke6 42. Kf2 Kd6 43. Ke3 Rf7 44. b3 axb3 45. Rxb3 c5 46. dxc5+
Kxc5 47. Rc3+ Kd6 48. Rb3 Ra7 49. Kd4 Ra4+ 50. Kd3 Ke5 51. Ke3 g6 52. Kf2 h5
53. Kg3 d4 54. Rb5+ Kd6 55. Rxg5 d3 56. Rxg6+ Ke7 57. Kf2 hxg4 58. fxg4 Rxa3
59. Ke3 Kf7 60. Rb6 Rc3 61. Rb4 Kf6 62. Rd4 Kg5 63. Rxd3 Rxd3+ 64. Kxd3 Kxg4
1/2-1/2

[Event "ODJM C 2018"]
[Site "Willingen GER"]
[Date "2018.05.25"]
[Round "8"]
[White "Winkler, Yonathan"]
[Black "Hoffmann, Alexander"]
[Result "0-1"]
[Termination "normal"]
[Board "10"]
[WhiteElo "1307"]
[BlackElo "1059"]
[PlyCount "138"]
[WhiteFideId "16266080"]
[BlackFideId "16240219"]
[EventCountry "GER"]
[EventRounds "9"]
[EventType "swiss"]
[EventDate "2018.05.19"]

1. e4 e5 2. Nf3 Nc6 3. Nc3 Nf6 4. Bb5 Bb4 5. O-O d6 6. d4 exd4 7. Nxd4 Bd7 8.
Nxc6 Bxc6 9. Bxc6+ bxc6 10. Bg5 O-O 11. Qf3 h6 12. Bh4 Qe7 13. Bxf6 Qxf6 14.
Qxf6 gxf6 15. Ne2 Rfe8 16. f3 Rab8 17. b3 Kg7 18. Kh1 f5 19. Ng3 fxe4 20. Nxe4
d5 21. Ng3 Kg6 22. f4 Re3 23. Rf2 Be1 24. Re2 Rxe2 25. Nxe2 Ba5 26. a3 Re8 27.
Ng1 Bb6 28. Nf3 Re2 29. Ne5+ Kf5 30. c4 Kxf4 31. Nxf7 d4 32. Rd1 d3 33. h3 d2
34. Kh2 Ke3 35. Nxh6 Re1 36. Ng4+ Ke2 37. Rxd2+ Kxd2 38. h4 Re8 39. Kh3 Rh8 40.
g3 Ke2 41. Ne5 Bf2 42. Nxc6 Rg8 43. g4 Rh8 44. h5 Re8 45. h6 Kf3 46. Kh2 Kxg4
47. b4 Re6 48. h7 Rh6+ 49. Kg2 Be3 50. Ne5+ Kf5 51. Kf3 Kxe5 52. Kxe3 Rxh7 53.
a4 Rh4 54. c5 Rxb4 55. a5 Rb5 56. Kd3 Rxc5 57. a6 Kd5 58. Ke3 Rc4 59. Kd3 Re4
60. Kc3 Rd4 61. Kb3 Rc4 62. Kb2 Kc5 63. Kb3 Kb5 64. Kb2 Kb4 65. Ka2 Rc3 66. Kb2
Rc4 67. Ka2 Rc2+ 68. Ka1 Kb3 69. Kb1 Rc3 0-1

[Event "ODJM C 2018"]
[Site "Willingen GER"]
[Date "2018.05.25"]
[Round "8"]
[White "Scharf, Christian"]
[Black "Wilmink, Luca"]
[Result "0-1"]
[Termination "normal"]
[Board "11"]
[WhiteElo "1246"]
[BlackElo "1267"]
[PlyCount "66"]
[WhiteFideId "16266110"]
[BlackFideId "16245253"]
[EventCountry "GER"]
[EventRounds "9"]
[EventType "swiss"]
[EventDate "2018.05.19"]

1. e4 c5 2. c3 d6 3. d4 cxd4 4. cxd4 Nf6 5. Nc3 a6 6. Bd3 Nbd7 7. Nge2 e5 8. d5
Be7 9. O-O O-O 10. f4 h6 11. f5 Nc5 12. Kh1 Nh7 13. b4 Nxd3 14. Qxd3 Bd7 15.
Rf3 Ng5 16. Rg3 Qb6 17. h4 Nh7 18. Bxh6 Bf6 19. Qf3 Kh8 20. Bg5 Qd8 21. Qh5 Kg8
22. Qg4 Kh8 23. Ng1 Rg8 24. Nf3 Rc8 25. Rc1 Rc4 26. a3 Qc8 27. Nd2 Rc7 28. Qh5
Bb5 29. Nf1 Bxf1 30. Rxf1 Rxc3 31. Rxc3 Qxc3 32. Bxf6 gxf6 33. Qxf7 Qg3 0-1

[Event "ODJM C 2018"]
[Site "Willingen GER"]
[Date "2018.05.25"]
[Round "8"]
[White "Pham, Anh Tuan"]
[Black "Feil, Alexander"]
[Result "0-1"]
[Termination "normal"]
[Board "12"]
[WhiteElo "1149"]
[BlackElo "1361"]
[PlyCount "110"]
[WhiteFideId "16245229"]
[BlackFideId "4002954"]
[EventCountry "GER"]
[EventRounds "9"]
[EventType "swiss"]
[EventDate "2018.05.19"]

1. e4 e5 2. Nf3 Nf6 3. Nc3 Nc6 4. d3 Bc5 5. Bg5 h6 6. Bh4 g5 7. Bg3 d6 8. h3
Be6 9. Nd2 d5 10. Nb3 Bd6 11. d4 exd4 12. exd5 dxc3 13. dxe6 cxb2 14. exf7+
Kxf7 15. Rb1 Re8+ 16. Be2 Bxg3 17. fxg3 Qxd1+ 18. Rxd1 Nb4 19. Nd4 Rad8 20. O-O
Kg6 21. c3 c5 22. cxb4 cxd4 23. Bd3+ Kg7 24. Rf2 Re3 25. Rf3 Rc8 26. Rb1 Rc1+
27. Rf1 Rxd3 28. Rbxc1 bxc1=Q 29. Rxc1 Rc3 30. Rd1 d3 31. Kf2 Rc2+ 32. Ke3 d2
33. a3 Ra2 34. g4 Nd5+ 35. Kd4 Nf4 36. Kc3 Rxa3+ 37. Kxd2 Rd3+ 38. Kc2 Rxd1 39.
Kxd1 Nxg2 40. Kd2 Kf6 41. Ke2 Nf4+ 42. Ke3 Nxh3 43. Kd4 Ke6 44. Kc5 Nf2 45. b5
Nxg4 46. b6 a6 47. Kb4 h5 48. Kc3 h4 49. Kd4 h3 50. Kd3 h2 51. Ke2 h1=Q 52. Kd2
Qf3 53. Kc2 Kd5 54. Kd2 Kc4 55. Kc2 Qe2+ 0-1

[Event "ODJM C 2018"]
[Site "Willingen GER"]
[Date "2018.05.25"]
[Round "8"]
[White "Guo, Jacob Tingshen"]
[Black "Schneble, Milan"]
[Result "1-0"]
[Termination "normal"]
[Board "14"]
[WhiteElo "1108"]
[BlackElo "1258"]
[PlyCount "149"]
[WhiteFideId "16245245"]
[BlackFideId "16266102"]
[EventCountry "GER"]
[EventRounds "9"]
[EventType "swiss"]
[EventDate "2018.05.19"]

1. e4 e5 2. Nf3 Nc6 3. d4 exd4 4. Nxd4 d5 5. Nxc6 bxc6 6. Bd3 dxe4 7. Bxe4
Qxd1+ 8. Kxd1 Bd7 9. Re1 Ne7 10. Bf4 O-O-O 11. Ke2 Bf5 12. Kf1 Bxe4 13. Rxe4
Ng6 14. Be3 Kb7 15. Nc3 Be7 16. Rd4 f6 17. Rad1 Kc8 18. Rxd8+ Rxd8 19. Rxd8+
Kxd8 20. Bxa7 Ne5 21. Na4 Nd7 22. Be3 Ne5 23. h3 Nc4 24. Bd4 Kd7 25. Ke2 Ke6
26. Kd3 Ne5+ 27. Ke2 Kd5 28. c3 Bd6 29. f3 g6 30. b3 f5 31. Ke3 c5 32. c4+ Kc6
33. Bc3 Nd7 34. Nb2 Nb6 {(=)} 35. Nd3 Nd7 36. f4 Kb6 37. Ne5 Nxe5 38. fxe5 Be7
39. Kf4 Kc6 40. g4 fxg4 41. hxg4 Kd7 42. a3 c6 43. b4 h6 44. bxc5 Bxc5 45. Bb4
Ba7 46. Bf8 h5 47. gxh5 gxh5 48. a4 h4 49. Kg4 Bf2 50. c5 Ke6 51. Bd6 Be1 52.
Kh3 Kd5 53. Kg2 Ke6 {(=)} 54. Kf1 Bb4 55. Kf2 Ba5 56. Kf3 Bb4 57. Kg4 Be1 58.
Bc7 Bb4 59. a5 Bxc5 60. Bb6 Bxb6 61. axb6 Kd7 62. e6+ Kxe6 63. b7 c5 64. b8=Q
Kd5 65. Qb1 c4 66. Qc2 Kc5 67. Kxh4 Kb4 68. Kg3 c3 69. Kf3 Ka3 70. Qxc3+ Ka2
71. Qb4 Ka1 72. Ke2 Ka2 73. Kd2 Ka1 74. Kc2 Ka2 75. Qa4# 1-0

[Event "ODJM C 2018"]
[Site "Willingen GER"]
[Date "2018.05.25"]
[Round "8"]
[White "Borgstädt, Leif"]
[Black "Werner, Florin"]
[Result "0-1"]
[Termination "normal"]
[Board "15"]
[WhiteElo "1175"]
[BlackElo "1194"]
[PlyCount "84"]
[WhiteFideId "16266153"]
[BlackFideId "16250230"]
[EventCountry "GER"]
[EventRounds "9"]
[EventType "swiss"]
[EventDate "2018.05.19"]

1. d4 e6 2. c4 d5 3. Nc3 Nf6 4. Bg5 c5 5. e3 h6 6. Bh4 g5 7. Bg3 Bg7 8. Nf3 Nc6
9. cxd5 exd5 10. Bb5 Bd7 11. O-O a6 12. Ba4 b5 13. Bc2 Be6 14. a3 c4 15. a4 b4
16. Ne2 b3 17. Bb1 a5 18. Nc3 Nh5 19. e4 Nxg3 20. fxg3 g4 21. exd5 Bxd5 22.
Re1+ Kf8 23. Ne5 Nxe5 24. dxe5 Be6 25. Be4 Rb8 26. Bc6 Qc7 27. Bd5 h5 28. Bxe6
fxe6 29. Qd6+ Qxd6 30. exd6 Bxc3 31. bxc3 b2 32. Rab1 Kf7 33. Re4 Rhd8 34. Rxc4
Rxd6 35. Rc7+ Kg6 36. Ra7 Rd2 37. Rxa5 Rc2 38. Rxb2 Rc1+ 39. Kf2 Rxb2+ 40. Ke3
Rxc3+ 41. Kf4 Kf6 42. Re5 Rb4+ 0-1